UM Logo

America, Russia, and the cold war, 1945-1984 / (Record no. 8201)

MARC details
000 -LEADER
fixed length control field 00667nam a2200181 4500
008 - FIXED-LENGTH DATA ELEMENTS--GENERAL INFORMATION
fixed length control field 180104b xxu||||| |||| 00| 0 eng d
020 ## - INTERNATIONAL STANDARD BOOK NUMBER
International Standard Book Number 394343913
082 ## - DEWEY DECIMAL CLASSIFICATION NUMBER
Edition number 1985
Classification number DC 327.3047
Item number L13
100 ## - MAIN ENTRY--PERSONAL NAME
9 (RLIN) 25364
Personal name LaFeber, Walter, author.
245 ## - TITLE STATEMENT
Title America, Russia, and the cold war, 1945-1984 /
Statement of responsibility, etc. Walter LaFeber.
250 ## - EDITION STATEMENT
Edition statement Fifth edition.
260 ## - PUBLICATION, DISTRIBUTION, ETC. (IMPRINT)
Place of publication, distribution, etc. New York, N.Y. :
Name of publisher, distributor, etc. Knopf,
Date of publication, distribution, etc. ©1985.
300 ## - PHYSICAL DESCRIPTION
Extent xiii, 348 pages :
Other physical details maps ;
Dimensions 21 cm.
500 ## - GENERAL NOTE
General note Includes bibliographical references and index.
650 #0 - SUBJECT ADDED ENTRY--TOPICAL TERM
9 (RLIN) 25365
Topical term or geographic name as entry element United States
General subdivision Foreign relations
Geographic subdivision Soviet Union
650 #0 - SUBJECT ADDED ENTRY--TOPICAL TERM
9 (RLIN) 25366
Topical term or geographic name as entry element Soviet Union
General subdivision Foreign relations
Geographic subdivision United States
942 ## - ADDED ENTRY ELEMENTS (KOHA)
Source of classification or shelving scheme Dewey Decimal Classification
Koha item type Circulation
Holdings
Withdrawn status Lost status Source of classification or shelving scheme Damaged status Not for loan Collection code Home library Current library Date acquired Source of acquisition Total Checkouts Full call number Barcode Date last seen Copy number Price effective from Koha item type
    Dewey Decimal Classification     Circulation UM Digos College - LIC UM Digos College - LIC 08/08/2003 Donated   DC 327.3047 L13 1985 15328 06/08/2021 5 01/04/2018 Circulation
    Dewey Decimal Classification     Circulation UM Digos College - LIC UM Digos College - LIC 08/08/2003 Donated   DC 327.3047 L13 1985 15327 05/15/2025 4 01/04/2018 Circulation
    Dewey Decimal Classification     Circulation UM Digos College - LIC UM Digos College - LIC 08/08/2003 Donated   DC 327.3047 L13 1985 15326 05/15/2025 3 01/04/2018 Circulation
    Dewey Decimal Classification     Circulation UM Digos College - LIC UM Digos College - LIC 08/08/2003 Donated   DC 327.3047 L13 1985 15325 05/15/2025 2 01/04/2018 Circulation
    Dewey Decimal Classification     Circulation UM Digos College - LIC UM Digos College - LIC 08/08/2003 Donated   DC 327.3047 L13 1985 15324 05/15/2025 1 01/04/2018 Circulation